Načítá se...

Emma /

Podrobná bibliografie
Další autoři: James Kinsley (ed.)
Médium: Printed Book
Vydáno: New York: Oxford University Press, 1998.
Témata:
LEADER 00736nam a22001931a 4500
999 |c 12333  |d 12333 
020 |a 9780192833570 
082 |a 823  |b JAN/E 
245 |a Emma /  |c edited by Jane Austen. 
260 |a New York:  |b Oxford University Press,  |c 1998. 
300 |a 445p. 
650 |a Literature English 
650 |a Novel English 
650 |a Literature 
700 |a James Kinsley (ed.) 
942 |c BK 
942 |c BK 
952 |0 0  |1 0  |4 0  |6 823_000000000000000_JAN_E  |7 0  |9 17910  |a SSUS  |b SSUS  |d 2015-01-08  |g 145.00  |l 2  |o 823 JAN/E  |p 044774  |r 2018-02-14  |s 2017-03-20  |v 0.00  |w 2015-01-08  |y BK 
952 |0 0  |1 0  |4 0  |6 823_000000000000000_JAN_E  |7 0  |9 17911  |a SSUS  |b SSUS  |c STACKS  |d 2015-01-08  |g 110.00  |l 3  |o 823 JAN/E  |p 010230  |r 2019-12-09  |s 2019-12-03  |v 0.00  |w 2015-01-08  |y BK